Vademecum der Fettsucht /

Hlavní autor: Krebs, Walter
Jazyk: Němčina
Vydáno: Berlin : Volk und Gesundheit, 1967
Témata:
Fyzický popis: 90 s.
Knihy
Uloženo v:
LEADER 00648nam a22002412a 4500
001 001331358
003 CZ BrMZK
005 20131001110056.0
007 ta
008 131001s1967 gw er|||||||||||ger d
040 |a ABA008  |b cze  |d BOA001 
080 9 |a 577 
080 9 |a 576.32/.36 
100 1 |a Krebs, Walter  |4 aut 
245 1 0 |a Vademecum der Fettsucht /  |c Walter Krebs 
260 |a Berlin :  |b Volk und Gesundheit,  |c 1967 
300 |a 90 s. 
504 |a Obsahuje bibliografii 
653 0 |a biochemie 
910 |a BOA001  |b 2-0593.034 
990 |a BK 
991 |b 201309 
996 7 |b 2619012621  |c 2-0593.034  |l HP2  |r DEN  |n 0  |w 001366343  |u 000010  |a 1  |e BOA001  |j MZK50  |s A